[Paradigmy zmien v 21. storočí. Európa, Slovensko - súvislosti globálneho ekonomického a mierového potenciálu]

Recenzia na monografiu, ktorá sa zaoberá skúmaním globálnych súvislostí ekonomického a mierového potenciálu, s osobitným zameraním na Európu a Slovensko.

Saved in:
Bibliographic Details
Main Author: Gonda, Vladimír
Format: Book Chapter
Language:Slovak
Subjects:
Tags: Add Tag
No Tags, Be the first to tag this record!

MARC

LEADER 00000naa a2200000 4500
001 0180667
005 20240502073102.6
041 0 |a slo 
044 |a SK 
245 1 0 |a [Paradigmy zmien v 21. storočí. Európa, Slovensko - súvislosti globálneho ekonomického a mierového potenciálu]  |c Vladimír Gonda 
520 |a Recenzia na monografiu, ktorá sa zaoberá skúmaním globálnych súvislostí ekonomického a mierového potenciálu, s osobitným zameraním na Európu a Slovensko. 
610 2 0 |a Slovensko 
610 2 0 |a recenzie 
610 2 0 |a Európa 
610 2 0 |a globalizácia 
610 2 0 |a politika medzinárodná 
100 1 |a Gonda, Vladimír